Kámasútra

Bibliographic Details
Main Author: Vátsjájana, Mallanága, 1. stor (Author)
Other Authors: Chmelová, Elena, 1920-1995 (Translator)
Format: Book
Language:Slovak
English
PhysicalDescription:201 s. 21 cm
Published: Bratislava Epocha 1969
Edition:2. vyd.
Subjects:

MARC

LEADER 00000cam a2200000 a 4500
001 vtls001181886
003 SK-MaSNL
005 20260301002651.0
008 250312s1969 xo 000 0 slo
015 |a SNBA1969 
035 |a SNK000124896 
035 |a urn:nbn:sk:snk-amydri 
035 |a urn:nbn:sk:snk-am00cgj6 
035 |a 908DF54D-C2B1-4C38-94C1-CEC2138BD96C 
040 |a SNK  |b slo  |c SNK  |e AACR2 
041 1 |a slo  |h eng 
044 |a xo  |c SK 
100 1 |a Vátsjájana, Mallanága,  |d 1. stor  |4 aut  |9 282868 
240 1 0 |a Kámasútra  |l Slovensky 
245 1 0 |a Kámasútra  |c Mallanága Vátsjájana ; [z anglického originálu preložila Elena Chmelová] 
250 |a 2. vyd. 
260 |a Bratislava  |b Epocha  |c 1969 
300 |a 201 s.  |c 21 cm 
650 0 7 |a pohlavný život  |2 SNKPH  |9 73365 
655 7 |a príručky  |2 SNKPH  |9 74364 
700 1 |a Chmelová, Elena,  |d 1920-1995  |4 trl  |9 163974 
852 |a Slovenská národná knižnica 
958 |a OP 
958 |a OND 
999 |c 537833  |d 539763 
952 |t P60, <04>, [BOOK], {604}  |a SNK  |b SNK  |y VYP  |7 0  |p 17A0091317  |o snkSD 36140 D1  |0 0  |1 0  |4 0  |d 1997-09-17  |l 0  |r 2005-01-01 00:00:00  |w 2026-02-23 
952 |t P60, <04>, [BOOK], {604}  |a SNK  |b SNK  |y VYP  |7 0  |p 17A0107201  |o snkSD 36140 D2  |i snkK 581/83  |0 0  |1 0  |4 0  |d 1997-11-11  |l 0  |r 2005-01-01 00:00:00  |w 2026-02-23 
952 |t P60, <04>, [BOOK], {604}  |a SNK  |b SNK  |y VYP  |7 0  |p 17A0165812  |o snkSD 36140 D3  |i snkK 1562/98  |0 0  |1 0  |4 0  |d 2004-06-09  |l 0  |r 2005-01-01 00:00:00  |w 2026-02-23 
952 |a SNK  |b SNK  |y PREZ  |7 0  |p 17A0883853  |o snkSD 36140  |0 0  |1 0  |4 0  |d 2013-08-12  |f 1  |l 0  |r 2026-02-23 12:30:27  |w 2026-02-23